| Tag |
First Indicator |
Second Indicator |
Subfields |
| LEADER |
00000cam a2200000 a 4500 |
| 001 |
in00001403511 |
| 005 |
20151020055538.0 |
| 008 |
970113s1997 cauag b s001 0 eng |
| 010 |
|
|
|a 97004933
|
| 015 |
|
|
|a GB98-3425
|
| 020 |
|
|
|a 0520210123 (cloth : alk. paper)
|
| 035 |
|
|
|a (OCoLC)36241776
|
| 035 |
|
|
|9 AHN4769AM
|
| 040 |
|
|
|a DLC
|c DLC
|d C#P
|d UKM
|d TXA
|d UtOrBLW
|
| 049 |
|
|
|a TXAM
|
| 050 |
0 |
0 |
|a HQ1075
|b .K73 1997
|
| 082 |
0 |
0 |
|a 305.3
|2 21
|
| 100 |
1 |
|
|a Kramer, Lawrence,
|d 1946-
|
| 245 |
1 |
0 |
|a After the lovedeath :
|b sexual violence and the making of culture /
|c Lawrence Kramer.
|
| 246 |
3 |
|
|a After the love death
|
| 264 |
|
1 |
|a Berkeley :
|b University of California Press,
|c [1997]
|
| 264 |
|
4 |
|c ©1997
|
| 300 |
|
|
|a ix, 281 pages :
|b illustrations, music ;
|c 24 cm.
|
| 336 |
|
|
|a text
|b txt
|2 rdacontent
|
| 337 |
|
|
|a unmediated
|b n
|2 rdamedia
|
| 338 |
|
|
|a volume
|b nc
|2 rdacarrier
|
| 504 |
|
|
|a Includes bibliographical references (pages 269-276) and index.
|
| 650 |
|
0 |
|a Sex role.
|
| 650 |
|
0 |
|a Sex crimes
|x Psychological aspects.
|
| 650 |
|
0 |
|a Women
|x Crimes against
|x Psychological aspects.
|
| 650 |
|
0 |
|a Masculinity.
|
| 650 |
|
0 |
|a Femininity.
|
| 650 |
|
0 |
|a Sex role in art.
|
| 650 |
|
0 |
|a Violence in art.
|
| 650 |
|
0 |
|a Sex in art.
|
| 650 |
|
0 |
|a Sex in music.
|
| 948 |
|
|
|a c:ce
|
| 999 |
|
|
|a MARS
|
| 999 |
f |
f |
|s a97faa3b-fc05-312d-98d1-658313e1045f
|i 84bdb334-d716-3c60-9f5c-8cd0cd2b2bd5
|t 0
|
| 952 |
f |
f |
|p ric
|a Texas A&M University
|b Rellis Campus
|c Joint Library Facility
|d Remote Storage
|t 0
|e HQ1075 .K73 1997
|h Library of Congress classification
|i unmediated -- volume
|m A14822134563
|
| 998 |
f |
f |
|a HQ1075 .K73 1997
|t 0
|l Remote Storage
|